000 00876nmm a2200265 a 4500
001 ocm0001221604
003 TR-IsHL
005 20201028154632.0
008 131219s2009 tu tur
007 cr cn
020 _a9786054259052
035 _a1221604
_b(N$T)
050 0 4 _aHG8694.93
_b.B65 2009
090 0 4 _aHG8694.93
_b.B65 2009
100 1 _aBölükbaşı, Ayşe Gül
245 1 0 _aSigortanın temel prensipleri
_h[electronic resource] /
_cAyşe Gül Bölükbaşı
260 _aİstanbul :
_bTürkmen Kitabevi,
_c2009
300 _a440 p.
650 4 _aEkonomi ve Finans
650 4 _aEconomics and Finance
650 0 _aSigorta
_x Türkiye
650 0 _aInsurance
_x Turkey
650 7 _aBUSINESS & ECONOMICS / Insurance / General
_2bisacsh
856 4 0 _uhttp://search.ebscohost.com/login.aspx?direct=true&scope=site&db=e011xww&AN=1221604
999 _c12678
_d12678